[Event "European Blitz 2022"]
[Site "Katowice POL"]
[Date "2022.12.16"]
[Round "11.72"]
[White "Gretarsson, Helgi Ass"]
[Black "Marczuk, Dominik"]
[Result "1-0"]
[WhiteTitle "GM"]
[BlackTitle "FM"]
[WhiteElo "2451"]
[BlackElo "2253"]
[WhiteFideId "2300699"]
[BlackFideId "1111264"]
[EventDate "2022.12.16"]

1. d4 Nf6 2. c4 g6 3. Nc3 Bg7 4. e4 O-O 5. f4 d6 6. Nf3 Na6 7. Bd3 e5 8. fxe5
dxe5 9. d5 Nc5 10. Bc2 a5 11. O-O b6 12. Kh1 Bg4 13. Qe1 Bxf3 14. Rxf3 Ne8 15.
b3 Nd6 16. Rb1 f5 17. exf5 gxf5 18. Rg3 Kh8 19. a3 Qh4 20. Bg5 Qh5 21. b4 axb4
22. axb4 Nd7 23. Bd1 Qf7 24. Be2 Ra3 25. Bc1 Raa8 26. Rh3 e4 27. Bf4 Ne5 28. c5
Ndc4 29. Qh4 Bf6 30. Qh6 Rg8 31. Bh5 Qg7 32. Qxg7+ Rxg7 33. Nb5 bxc5 34. bxc5
Rb8 35. Rhb3 Rd7 36. Nd4 Rxb3 37. Rxb3 Rxd5 38. Rb8+ Kg7 39. Ne6# 1-0

[Event "European Blitz 2022"]
[Site "Katowice POL"]
[Date "2022.12.16"]
[Round "11.74"]
[White "Monroy, Charles"]
[Black "Skuhala, Barbara"]
[Result "1-0"]
[WhiteTitle "IM"]
[BlackTitle "WFM"]
[WhiteElo "2395"]
[BlackElo "2103"]
[WhiteFideId "621641"]
[BlackFideId "14605465"]
[EventDate "2022.12.16"]

1. Nf3 Nf6 2. c4 e6 3. Nc3 d5 4. d4 c6 5. g3 Be7 6. Bg2 O-O 7. O-O b6 8. b3 Bb7
9. Bb2 Nbd7 10. Rc1 Rc8 11. Re1 Re8 12. e3 Qc7 13. cxd5 exd5 14. a3 Qb8 15. b4
c5 16. dxc5 bxc5 17. bxc5 Nxc5 18. Rb1 Qa8 19. Nd4 Nfe4 20. Rc1 Bf6 21. Ncb5 Qb8
22. a4 Ba6 23. Ba3 Qb6 24. Bf1 Bxb5 25. axb5 Ne6 26. Nxe6 fxe6 27. Qd3 Rxc1 28.
Rxc1 Be7 29. Rc6 Qb8 30. Rxe6 Bxa3 31. Rxe8+ Qxe8 32. Qxa3 Qf7 33. Qa2 h6 34.
Bg2 Nf6 35. h3 Qd7 36. Qb3 Kh8 37. Qb4 Qc7 38. Qd4 Qd7 39. Qc5 Kh7 40. Kh2 Kh8
41. Qc6 Qf7 42. Qd6 Kg8 43. f3 Kh8 44. e4 dxe4 45. fxe4 Nh7 46. e5 Ng5 47. Qd8+
Kh7 48. Qd3+ Kh8 49. h4 Ne6 50. Qd5 Qe7 51. Bh3 Nf8 52. e6 Qf6 53. Qf5 Qe7 54.
Qf7 Qb4 55. e7 Qd2+ 56. Bg2 1-0

[Event "European Blitz 2022"]
[Site "Katowice POL"]
[Date "2022.12.16"]
[Round "11.76"]
[White "Maltsevskaya, Aleksandra"]
[Black "Minald, Andrey"]
[Result "1/2-1/2"]
[WhiteTitle "IM"]
[WhiteElo "2400"]
[BlackElo "2091"]
[WhiteFideId "24174041"]
[BlackFideId "13506854"]
[EventDate "2022.12.16"]

1. e4 c5 2. Nf3 d6 3. d4 cxd4 4. Nxd4 Nf6 5. Nc3 a6 6. g3 e5 7. Nb3 Nc6 8. Bg2
Be7 9. O-O h5 10. Bg5 Be6 11. h4 Qd7 12. Nd5 Rd8 13. c4 Bg4 14. Qd2 Bh3 15. Rad1
Bxg2 16. Kxg2 Nxe4 17. Qe3 Nxg5 18. hxg5 Qg4 19. Nxe7 Nxe7 20. Qf3 Qxf3+ 21.
Kxf3 Nc6 22. Rfe1 Ke7 23. Nc1 Ke6 24. Ne2 Kf5 25. Nc3 Nd4+ 26. Kg2 Kxg5 27. c5
f6 28. Ne4+ Kf5 29. Nxd6+ Kg6 30. b4 b6 31. Rc1 bxc5 32. bxc5 Rd7 33. f4 h4 34.
fxe5 h3+ 35. Kf2 fxe5 36. Rxe5 h2 37. Rh1 Rf8+ 38. Kg2 Nc6 39. Re6+ Rf6 40.
Rxf6+ gxf6 41. Rxh2 Ne5 42. Rh1 Nd3 43. Ne4 Rd4 44. Rh4 f5 45. Nd6 Rxh4 46. gxh4
Nxc5 47. Kf3 Kh5 48. Nxf5 a5 49. Kf4 a4 50. Ke3 Kg4 51. Nd6 Kxh4 52. Kd4 Nd7 53.
Kc4 Kg4 54. Kb5 Kf4 55. Kxa4 Ke5 56. Nc4+ Kd5 57. Kb5 Nb8 58. Na5 Kd6 59. Kb6
Nd7+ 60. Kb5 Kc7 61. Nc4 Kb7 62. Nd6+ Ka7 63. Nc4 Kb7 64. a3 Nb8 65. Nd6+ Ka7
66. a4 Nd7 67. a5 Nb8 68. Nc4 Kb7 69. Ne5 Ka7 70. Nd3 Kb7 71. Nc5+ Ka7 72. Na4
Kb7 73. Nb6 Ka7 74. Nc8+ Kb7 75. Nd6+ Ka7 76. Kc5 Ka6 77. Kb4 Nc6+ 78. Kc5 Nxa5 1/2-1/2

[Event "European Blitz 2022"]
[Site "Katowice POL"]
[Date "2022.12.16"]
[Round "11.79"]
[White "Paprocki, Jaroslaw"]
[Black "Madan, Augustin"]
[Result "0-1"]
[BlackTitle "IM"]
[WhiteElo "2158"]
[BlackElo "2292"]
[WhiteFideId "1122274"]
[BlackFideId "1210327"]
[EventDate "2022.12.16"]

1. d4 Nf6 2. c4 e6 3. Nf3 d5 4. cxd5 exd5 5. Nc3 c6 6. Qc2 Be6 7. Bg5 Nbd7 8. e3
h6 9. Bh4 g5 10. Bg3 Nh5 11. Bd3 Nxg3 12. hxg3 Qf6 13. O-O-O O-O-O 14. Nh2 Kb8
15. f3 Nb6 16. g4 Rc8 17. Kb1 c5 18. Qf2 a6 19. f4 cxd4 20. exd4 gxf4 21. g3 Bd6
22. Rhf1 Rxc3 23. bxc3 Na4 24. Rc1 Rc8 25. Qd2 f3 26. Rxf3 Qe7 27. Re3 Qc7 28.
Ka1 Bxg3 29. Nf1 Bf4 30. Qc2 Bxe3 31. Nxe3 Qxc3+ 32. Qxc3 Rxc3 33. Rd1 Nb6 34.
Kb2 Rc8 35. Rh1 Rh8 36. Bf5 Kc7 37. Kb3 Kd6 38. a4 Nd7 39. Nc2 Bxf5 40. gxf5 h5
41. Rh4 Nf6 42. Nb4 Rg8 43. Rh3 Rg4 44. Kc3 Ne4+ 45. Kb2 Nf6 46. Rd3 h4 47. Nc2
Rg3 48. Rd2 h3 49. Rh2 Ng4 50. Rh1 h2 51. a5 Rg1 0-1

[Event "European Blitz 2022"]
[Site "Katowice POL"]
[Date "2022.12.16"]
[Round "11.80"]
[White "Zamekhovskiy, Yevgen"]
[Black "Kacprzak, Karol"]
[Result "1/2-1/2"]
[WhiteElo "2095"]
[BlackElo "2226"]
[WhiteFideId "14174413"]
[BlackFideId "21819327"]
[EventDate "2022.12.16"]

1. d4 Nf6 2. c4 c5 3. d5 b5 4. Qc2 bxc4 5. e4 d6 6. Bxc4 g6 7. Nf3 Bg7 8. O-O
O-O 9. Nc3 Nbd7 10. Nd2 Rb8 11. h3 Nb6 12. Be2 e6 13. dxe6 fxe6 14. e5 dxe5 15.
Nde4 Nfd5 16. Nxc5 Qe7 17. N5e4 Nf4 18. Be3 Qh4 19. f3 Bb7 20. Bf2 Qh5 21. Rad1
Nbd5 22. Nc5 Qg5 23. g3 Nxh3+ 24. Kh2 Nxf2 25. Rxf2 Ne3 26. Qa4 Nxd1 27. Nxd1
Qe7 28. b4 Bd5 29. Nc3 Kh8 30. a3 Bh6 31. Nd7 Be3 32. Rf1 Rbc8 33. Nxf8 Rxc3 34.
Nd7 Bc6 35. Bb5 Qxd7 36. Bxc6 Qxc6 37. Qd1 Rc2+ 38. Kh3 Rd2 39. Qb3 Kg7 40. Qxe3
Rd5 41. Qe4 Qc3 42. Re1 Qxa3 43. Qg4 Qa6 44. Qg5 Qd6 45. Qe3 Qe7 46. Ra1 Rd7 47.
Qxe5+ Kg8 48. Rc1 Kf7 49. Qh8 Qf6 50. Qxh7+ Qg7 51. Qxg7+ Kxg7 52. Rc4 Kf6 53.
Kg4 Rb7 54. Kf4 Rb5 55. Ke4 a5 56. bxa5 Rxa5 1/2-1/2

[Event "European Blitz 2022"]
[Site "Katowice POL"]
[Date "2022.12.16"]
[Round "11.81"]
[White "D'Costa, Lorin"]
[Black "Martynkova, Olena"]
[Result "1/2-1/2"]
[WhiteTitle "IM"]
[BlackTitle "WIM"]
[WhiteElo "2375"]
[BlackElo "2227"]
[WhiteFideId "409219"]
[BlackFideId "14134039"]
[EventDate "2022.12.16"]

1. Nf3 Nf6 2. c4 g6 3. g3 Bg7 4. Bg2 O-O 5. d4 d6 6. Nc3 Nbd7 7. O-O e5 8. e3
Re8 9. Qc2 c6 10. b3 exd4 11. Nxd4 Nc5 12. Bb2 Qe7 13. h3 Nce4 14. Rad1 Nxc3 15.
Bxc3 Bd7 16. Rfe1 a6 17. e4 c5 18. Ne2 Bc6 19. Nf4 h5 20. e5 dxe5 21. Bxc6 bxc6
22. Rxe5 Qf8 23. Rde1 Rxe5 24. Bxe5 Rd8 25. Qc3 Ne8 26. Nd3 Bxe5 27. Nxe5 Qg7
28. Qe3 Nd6 29. Qxc5 Nf5 30. Nxc6 Rd2 31. Ne7+ Nxe7 32. Qxe7 Rxa2 33. c5 Qd4 34.
Qe8+ Kg7 35. Qe3 Qf6 36. b4 Rb2 37. Rc1 Rxb4 38. c6 Rb8 39. Qa7 Rc8 40. Qxa6 Rc7
41. Qb6 Qe5 42. h4 Kf6 43. Qc5 Qxc5 44. Rxc5 Ke6 45. Kg2 Kd6 46. Rc2 Rxc6 47.
Rxc6+ Kxc6 48. Kf3 Kd6 49. Kf4 f6 50. f3 Ke6 51. g4 hxg4 52. fxg4 Kf7 53. h5
gxh5 54. gxh5 Kg7 55. Kf5 Kh6 56. Kxf6 Kxh5 57. Ke5 1/2-1/2

[Event "European Blitz 2022"]
[Site "Katowice POL"]
[Date "2022.12.16"]
[Round "11.85"]
[White "Vedrickas, Tautvydas"]
[Black "Bazakutsa, Svyatoslav"]
[Result "1-0"]
[WhiteTitle "FM"]
[WhiteElo "2358"]
[BlackElo "2318"]
[WhiteFideId "12802654"]
[BlackFideId "14198525"]
[EventDate "2022.12.16"]

1. d4 Nf6 2. c4 g6 3. Nc3 Bg7 4. e4 d6 5. f3 O-O 6. Nge2 c5 7. d5 e6 8. Bg5 h6
9. Be3 exd5 10. cxd5 Nbd7 11. Qd2 Ne5 12. Ng3 h5 13. Be2 h4 14. Nf1 h3 15. g4
Bd7 16. Ng3 b5 17. O-O c4 18. Bd4 Nh7 19. Kh1 b4 20. Nd1 Qc7 21. Rc1 a5 22. Ne3
Bh6 23. f4 Qb8 24. g5 Nxg5 25. fxe5 dxe5 26. Bc5 Rc8 27. Be7 Qb6 28. Ng4 Bxg4
29. Bxg4 Nxe4 30. Qxh6 Nf2+ 31. Rxf2 Qxf2 32. Rg1 Rc7 33. Qg5 c3 34. bxc3 bxc3
35. Ne4 Qd4 36. Nf6+ Kg7 37. Nh5+ Kh7 38. Bf3 c2 39. Nf6+ Kg7 40. d6 c1=Q 41.
Rxc1 Rxc1+ 42. Qxc1 Qf2 43. Bxa8 e4 44. Bxe4 1-0

[Event "European Blitz 2022"]
[Site "Katowice POL"]
[Date "2022.12.16"]
[Round "11.86"]
[White "Kulon, Klaudia"]
[Black "Przybylski, Bartosz"]
[Result "1-0"]
[WhiteTitle "IM"]
[WhiteElo "2274"]
[BlackElo "2085"]
[WhiteFideId "1131044"]
[BlackFideId "1126652"]
[EventDate "2022.12.16"]

1. c4 Nf6 2. g3 c5 3. Bg2 Nc6 4. Nc3 d6 5. e3 g6 6. Nge2 Bg7 7. O-O O-O 8. d4
cxd4 9. exd4 a6 10. h3 Bf5 11. b3 Rb8 12. a4 Nb4 13. Qd2 h5 14. d5 Qc8 15. Kh2
Nd3 16. Ba3 Nc5 17. Nd4 Nfe4 18. Nxe4 Nxe4 19. Qe3 Nc5 20. Nxf5 Qxf5 21. Rab1
Rfe8 22. Bxc5 dxc5 23. Qxc5 h4 24. Qe3 b6 25. g4 Qf6 26. f4 Qd6 27. Rbd1 g5 28.
Kh1 gxf4 29. Qxf4 Qxf4 30. Rxf4 Be5 31. Re4 f6 32. g5 Bg3 33. gxf6 exf6 34. d6
Rxe4 35. Bxe4 Rd8 36. d7 Kf7 37. Bf5 Ke7 38. Kg2 Bc7 39. Kf3 Rg8 40. Re1+ Be5
41. Bg4 a5 42. Ke4 Rxg4+ 43. hxg4 Kxd7 44. g5 Ke6 45. gxf6 Kxf6 46. Rf1+ Ke6 47.
Rf5 Bg3 48. Rh5 Kd6 49. Kd3 Kc6 50. c5 bxc5 51. Kc4 Bf2 52. Rh6+ Kb7 53. Kb5 Be1
54. Kxc5 Ka7 55. Kb5 Kb7 56. Rh7+ Kc8 57. Kc6 Kb8 58. Re7 Bd2 59. Re4 Bg5 60.
Rg4 Bf6 61. Kb5 Bd8 62. Kc6 Bf6 63. Rg6 Be7 64. Rh6 Bg5 65. Rh8+ Ka7 66. Kb5 Kb7
67. Kxa5 Kc6 68. b4 Be7 69. b5+ Kc5 70. Ka6 Bf6 71. Rh5+ Kd4 72. b6 1-0

[Event "European Blitz 2022"]
[Site "Katowice POL"]
[Date "2022.12.16"]
[Round "11.87"]
[White "Ziogas, Modestas"]
[Black "Paszewski, Mateusz"]
[Result "0-1"]
[BlackTitle "FM"]
[WhiteElo "2098"]
[BlackElo "2282"]
[WhiteFideId "12803740"]
[BlackFideId "1141058"]
[EventDate "2022.12.16"]

1. d4 d5 2. Nc3 Nf6 3. Bg5 Bf5 4. e3 Nbd7 5. Bd3 Bg6 6. h4 h6 7. Bf4 Bxd3 8.
Qxd3 c6 9. O-O-O e6 10. f3 b5 11. g4 Nb6 12. Kb1 a5 13. Nce2 a4 14. Nc1 Nc4 15.
Nge2 Bd6 16. g5 Nh5 17. gxh6 g6 18. Bxd6 Qxd6 19. e4 Qb4 20. Qc3 Qxc3 21. Nxc3
Rxh6 22. Rhe1 Kd7 23. Nd3 Rb8 24. exd5 cxd5 25. b3 axb3 26. cxb3 Nd6 27. Ne5+
Kc7 28. Rc1 Kb7 29. Nd7 Rd8 30. Nc5+ Kb6 31. a4 bxa4 32. N3xa4+ Ka7 33. Kb2 Nf4
34. Rh1 Rdh8 35. Nc3 Rxh4 36. Rxh4 Rxh4 37. Ra1+ Kb8 38. Ra6 Nc8 39. Nb5 Ne2 40.
Rc6 Nxd4 41. Nd7+ Kb7 42. Rc7+ Ka6 43. Nxd4 Rxd4 44. Rxc8 Rf4 45. Rc3 Kb5 46.
Ne5 Rf5 47. Nc6 Kb6 48. Nd4 Rf4 49. Ne2 Rh4 50. Ka3 Rh2 51. Nd4 Rf2 52. b4 e5
53. Nc6 d4 54. Rc1 Rxf3+ 55. Ka4 f6 56. b5 d3 57. Nb4 d2 58. Rc6+ Kb7 59. Rd6
Rf2 60. Ka5 Kc7 61. Rd5 e4 62. Na6+ Kc8 63. b6 Rf5 0-1

[Event "European Blitz 2022"]
[Site "Katowice POL"]
[Date "2022.12.16"]
[Round "11.92"]
[White "Raczek, Krzysztof"]
[Black "Malik, Maciej"]
[Result "0-1"]
[WhiteElo "2161"]
[BlackElo "1954"]
[WhiteFideId "21005303"]
[BlackFideId "21007071"]
[EventDate "2022.12.16"]

1. Nf3 Nf6 2. g3 g6 3. Bg2 Bg7 4. O-O O-O 5. c4 d6 6. d4 Nbd7 7. a4 e5 8. a5 c6
9. Nc3 Re8 10. a6 bxa6 11. dxe5 dxe5 12. Qc2 Qc7 13. Rd1 Nf8 14. b3 Rb8 15. Bb2
Bf5 16. e4 Bc8 17. Na4 N6d7 18. Ba3 Qb7 19. Rab1 Ne6 20. Bd6 Ra8 21. c5 Nd4 22.
Nxd4 exd4 23. f4 Nf6 24. Rxd4 Nxe4 25. Rxe4 Bf5 26. Rbe1 Bxe4 27. Rxe4 Rxe4 28.
Bxe4 Re8 29. Qc4 Kh8 30. Kg2 Qd7 31. Nc3 h5 32. Nd1 h4 33. Nf2 Kh7 34. Qe2 f5
35. Qc4 fxe4 36. Nxe4 Qf5 37. Ng5+ Kh6 38. Nf7+ Kh7 39. Ng5+ Kh6 40. Nf7+ Kh7
41. Be5 Bxe5 42. Nxe5 h3+ 43. Kf3 Rxe5 44. Qd4 Re7 45. Qd6 Qd5+ 46. Qxd5 cxd5
47. b4 Kg7 48. g4 Kf6 49. g5+ 0-1

[Event "European Blitz 2022"]
[Site "Katowice POL"]
[Date "2022.12.16"]
[Round "11.93"]
[White "Cieslak, Patryk"]
[Black "Luczak, Filip"]
[Result "1/2-1/2"]
[BlackTitle "FM"]
[WhiteElo "2094"]
[BlackElo "2326"]
[WhiteFideId "21078882"]
[BlackFideId "1193686"]
[EventDate "2022.12.16"]

1. e4 e6 2. d4 d5 3. e5 c5 4. c3 Nc6 5. Nf3 Nge7 6. Na3 Nf5 7. Nc2 Be7 8. Bd3 c4
9. Bxf5 exf5 10. h4 Be6 11. g3 h6 12. Ne3 Qd7 13. Ng2 Rg8 14. h5 b5 15. Nf4 a5
16. Bd2 b4 17. b3 Rd8 18. Kf1 Qb7 19. Kg2 bxc3 20. Bxc3 Bb4 21. Qd2 Bxc3 22.
Qxc3 Qb4 23. Rhc1 Qxc3 24. Rxc3 Ke7 25. bxc4 dxc4 26. Nxe6 fxe6 27. Rxc4 Nb4 28.
a3 Nd5 29. Rb1 Rd7 30. Rc5 a4 31. Rbb5 g6 32. hxg6 Rxg6 33. Kh3 Rg4 34. Ra5 h5
35. Rxa4 f4 36. Rac4 fxg3 37. fxg3 Rb7 38. Rc2 Rb3 39. Rf2 Rxa3 40. Rb5 Kd7 41.
Rb7+ Kc6 42. Rh7 Re4 43. Rxh5 Ree3 44. Kg4 Nc3 45. Rh3 Ne4 46. Rf1 Kd5 47. Ng5
Nxg5 48. Kxg5 Rxg3+ 49. Rxg3 Rxg3+ 50. Kf6 Rd3 51. Ra1 Rxd4 52. Ra5+ Kc6 53.
Kxe6 Rh4 54. Ra6+ Kc7 55. Ra7+ Kd8 56. Rf7 Ke8 57. Rf6 Ra4 58. Rg6 Ra6+ 59. Kf5
Rxg6 60. Kxg6 Ke7 1/2-1/2

[Event "European Blitz 2022"]
[Site "Katowice POL"]
[Date "2022.12.16"]
[Round "11.98"]
[White "Marie, Maxime"]
[Black "Radzimski, Antoni"]
[Result "1-0"]
[WhiteTitle "CM"]
[WhiteElo "2175"]
[BlackElo "1734"]
[WhiteFideId "625590"]
[BlackFideId "21052476"]
[EventDate "2022.12.16"]

1. c4 c5 2. Nc3 Nc6 3. e3 e5 4. Nf3 d6 5. d4 Bg4 6. d5 Nb8 7. Qb3 Qc8 8. Nd2 Nf6
9. h3 Bf5 10. e4 Bg6 11. Be2 Be7 12. O-O O-O 13. Re1 Nbd7 14. a4 Ne8 15. Bg4 f5
16. exf5 Bxf5 17. Bxf5 Rxf5 18. Nde4 Nef6 19. Ng3 Nf8 20. a5 Ng6 21. Nxf5 Qxf5
22. Ne2 Ne4 23. Qe3 Bg5 24. Qf3 Qxf3 25. gxf3 Bxc1 26. fxe4 Bd2 27. Red1 Bb4 28.
a6 b6 29. Rd3 Rf8 30. Rf1 Nf4 31. Nxf4 Rxf4 32. f3 Kf7 33. Kg2 g5 34. Rdd1 h6
35. Kf2 Kf6 36. Ke2 Rh4 37. Rh1 Kg6 38. Rdg1 Kf6 39. Rg4 Rxg4 40. fxg4 Kg6 41.
Rf1 Kg7 42. Rf5 Ba5 43. h4 gxh4 44. Rh5 Kg6 45. Rxh4 Bb4 46. Rh5 Ba5 47. Rf5 Kg7
48. g5 hxg5 49. Rxg5+ Kf6 50. Rg8 b5 51. cxb5 Ke7 52. Rb8 Kd7 53. Rb7+ Kc8 54.
Rxa7 Bc7 55. Kd3 1-0

[Event "European Blitz 2022"]
[Site "Katowice POL"]
[Date "2022.12.16"]
[Round "12.1"]
[White "Kazakouski, Valery"]
[Black "Piorun, Kacper"]
[Result "1/2-1/2"]
[WhiteTitle "GM"]
[BlackTitle "GM"]
[WhiteElo "2539"]
[BlackElo "2611"]
[WhiteFideId "13507443"]
[BlackFideId "1130420"]
[EventDate "2022.12.16"]

1. Nf3 g6 2. g3 Bg7 3. d4 Nf6 4. Bg2 O-O 5. O-O d6 6. c4 Ne4 7. b3 Nc6 8. Bb2 a5
9. a3 f5 10. Qc2 e5 11. Rd1 Qe7 12. e3 Nf6 13. Nc3 e4 14. Nd2 h5 15. Nd5 Qf7 16.
Nxf6+ Bxf6 17. f3 exf3 18. Nxf3 Bd7 19. Rf1 Rae8 20. Rae1 Kh8 21. Bc3 b6 22. h4
Re7 23. Ng5 Qg7 24. Bd2 Nd8 25. Nh3 Ne6 26. b4 axb4 27. axb4 Rfe8 28. d5 Nd8 29.
Nf4 Nf7 30. e4 Bd4+ 31. Kh1 Nh6 32. Bh3 Rxe4 33. Ne6 Bxe6 34. Rxe4 Bxd5 35. cxd5
Rxe4 36. Bxh6 Qxh6 37. Qxc7 Qe3 38. Qxd6 Kg7 39. Qc7+ Re7 40. Qf4 Qxf4 41. Rxf4
Re1+ 42. Kh2 Re2+ 43. Bg2 Be5 44. Rf3 Rb2 45. Rd3 Bd6 46. Rc3 Kf6 47. Re3 Be5
48. Rd3 Rxb4 49. d6 Rd4 50. Rxd4 Bxd4 51. d7 Ke7 52. Bd5 Bf6 53. d8=Q+ Kxd8 54.
Bf7 f4 55. Bxg6 fxg3+ 56. Kxg3 Ke7 57. Bxh5 Bxh4+ 58. Kxh4 1/2-1/2

[Event "European Blitz 2022"]
[Site "Katowice POL"]
[Date "2022.12.16"]
[Round "12.2"]
[White "Deac, Bogdan-Daniel"]
[Black "Donchenko, Alexander"]
[Result "1/2-1/2"]
[WhiteTitle "GM"]
[BlackTitle "GM"]
[WhiteElo "2700"]
[BlackElo "2636"]
[WhiteFideId "1226380"]
[BlackFideId "24603295"]
[EventDate "2022.12.16"]

1. Nf3 d5 2. e3 c5 3. b3 a6 4. Bb2 Nc6 5. d4 cxd4 6. Nxd4 Nf6 7. c4 e6 8. a3 Bd6
9. cxd5 Nxd4 10. Bxd4 e5 11. Bc3 O-O 12. a4 Bg4 13. Be2 Bxe2 14. Qxe2 Nxd5 15.
O-O Rc8 16. Bb2 Qe7 17. Rd1 Nf6 18. Na3 Rfd8 19. Nc4 Bc7 20. Rxd8+ Rxd8 21. Rd1
Rd7 22. h3 h6 23. Rxd7 Nxd7 24. Qf3 Nc5 25. Ba3 b5 26. Qa8+ Kh7 27. axb5 axb5
28. Qd5 bxc4 29. Bxc5 Qe8 30. Qxc4 e4 31. g3 f5 32. Bd4 Bb8 33. Qd5 Qh5 34. Qd7
Qd1+ 35. Kh2 Bxg3+ 36. fxg3 Qe2+ 37. Kg1 Qe1+ 38. Kg2 Qe2+ 1/2-1/2

[Event "European Blitz 2022"]
[Site "Katowice POL"]
[Date "2022.12.16"]
[Round "12.3"]
[White "Santos Latasa, Jaime"]
[Black "Alonso Rosell, Alvar"]
[Result "0-1"]
[WhiteTitle "GM"]
[BlackTitle "GM"]
[WhiteElo "2668"]
[BlackElo "2561"]
[WhiteFideId "2293307"]
[BlackFideId "2270544"]
[EventDate "2022.12.16"]

1. Nf3 d5 2. e3 Nf6 3. c4 e6 4. b3 b6 5. Bb2 Bb7 6. Nc3 Bd6 7. cxd5 exd5 8. Nb5
Be7 9. Be5 Na6 10. Rc1 c5 11. Be2 O-O 12. O-O Nb4 13. a3 Nc6 14. Bc7 Qd7 15. Ne5
Nxe5 16. Bxe5 a6 17. Nc3 b5 18. Bf3 Ne4 19. d3 Ng5 20. Bg4 f5 21. f4 fxg4 22.
fxg5 Bxg5 23. Bf4 Bxf4 24. exf4 Rae8 25. d4 c4 26. b4 Re3 27. Qd2 0-1

[Event "European Blitz 2022"]
[Site "Katowice POL"]
[Date "2022.12.16"]
[Round "12.5"]
[White "Moroni, Luca Jr"]
[Black "Pultinevicius, Paulius"]
[Result "1-0"]
[WhiteTitle "GM"]
[BlackTitle "GM"]
[WhiteElo "2576"]
[BlackElo "2561"]
[WhiteFideId "865834"]
[BlackFideId "12809390"]
[EventDate "2022.12.16"]

1. d4 Nf6 2. Nf3 d5 3. c3 c5 4. dxc5 e6 5. Be3 Ne4 6. c4 Nc6 7. Nbd2 Nxc5 8.
cxd5 exd5 9. Nb3 Nxb3 10. Qxb3 Bb4+ 11. Bd2 Bxd2+ 12. Nxd2 O-O 13. e3 d4 14. e4
Be6 15. Qa3 Qg5 16. h4 Qh6 17. Be2 Rfd8 18. Nf3 Bg4 19. Rd1 Rac8 20. Qb3 d3 21.
Rxd3 Rxd3 22. Qxd3 Ne5 23. Qd2 Rc1+ 24. Bd1 Qb6 25. O-O Rxd1 26. Rxd1 Nc6 27. e5
h6 28. Qf4 Be6 29. b3 Qa5 30. Rd2 Qc3 31. Qe3 Qa1+ 32. Kh2 a5 33. Nd4 Nxd4 34.
Qxd4 Qc1 35. Qd8+ Kh7 36. Qxa5 Qe1 37. Qc3 Bf5 38. Qe3 Qa1 39. Qf4 Bg6 40. a4
Qc3 41. Qe3 Qb4 42. Rd4 Qe7 43. b4 Qe8 44. a5 Qb5 45. e6 fxe6 46. Qxe6 Qf1 47.
Qe3 Qb5 48. Qf4 Qd7 49. Rxd7 1-0

[Event "European Blitz 2022"]
[Site "Katowice POL"]
[Date "2022.12.16"]
[Round "12.6"]
[White "Drozdowski, Kacper"]
[Black "Hovhannisyan, Robert"]
[Result "0-1"]
[WhiteTitle "IM"]
[BlackTitle "GM"]
[WhiteElo "2448"]
[BlackElo "2597"]
[WhiteFideId "1136720"]
[BlackFideId "13302507"]
[EventDate "2022.12.16"]

1. e4 e5 2. Nf3 Nc6 3. Bc4 Bc5 4. c3 Nf6 5. d3 d6 6. Bb3 O-O 7. h3 a5 8. Nbd2
Be6 9. Bc2 Re8 10. Nh2 d5 11. Qf3 Ne7 12. Ng4 Ng6 13. Nxf6+ Qxf6 14. Qxf6 gxf6
15. Nf3 Rad8 16. g4 c6 17. Be3 Bxe3 18. fxe3 dxe4 19. dxe4 Nf8 20. g5 fxg5 21.
Nxg5 f6 22. Nxe6 Nxe6 23. Ke2 Kf7 24. Rhg1 Rg8 25. Bb3 Rg6 26. Rad1 Rxd1 27.
Rxd1 Ke7 28. Bxe6 Kxe6 29. Kf3 Rg8 30. h4 h5 31. a4 Rg4 32. Rh1 Kd6 33. b3 Kc5
34. b4+ axb4 35. cxb4+ Kxb4 36. Rb1+ Kxa4 37. Rxb7 c5 38. Rf7 Rg6 39. Ke2 Kb3
40. Rb7+ Kc3 41. Rh7 Rg4 42. Rxh5 Rxe4 43. Rh6 f5 44. Kf3 c4 45. h5 Rh4 46. Kg3
Rg4+ 47. Kf2 Rg5 48. Kf3 Rg4 49. Kf2 Kd3 50. Rd6+ Ke4 51. h6 Rh4 52. Rc6 Kd5 53.
Rf6 c3 54. Ke2 Ke4 55. Rc6 Rh2+ 56. Kd1 Kd3 57. Rd6+ Kxe3 58. Kc1 e4 0-1

[Event "European Blitz 2022"]
[Site "Katowice POL"]
[Date "2022.12.16"]
[Round "12.7"]
[White "Stefansson, Hannes"]
[Black "Navara, David"]
[Result "0-1"]
[WhiteTitle "GM"]
[BlackTitle "GM"]
[WhiteElo "2526"]
[BlackElo "2684"]
[WhiteFideId "2300087"]
[BlackFideId "309095"]
[EventDate "2022.12.16"]

1. e4 c6 2. d4 d5 3. Nc3 dxe4 4. Nxe4 Nf6 5. Nxf6+ exf6 6. Be3 Bd6 7. Bd3 O-O 8.
Ne2 Re8 9. c3 Na6 10. Qc2 h5 11. O-O h4 12. h3 Nc7 13. c4 Ne6 14. Rad1 g6 15.
Rfe1 Bc7 16. d5 cxd5 17. cxd5 Ng7 18. Bb5 Rxe3 19. fxe3 Qd6 20. Nd4 Qh2+ 21. Kf1
Qh1+ 22. Ke2 Qxg2+ 23. Kd3 Qxc2+ 24. Kxc2 Bxh3 25. Nf3 Bg3 26. Rg1 Nf5 27. Rd3
Bf2 0-1

[Event "European Blitz 2022"]
[Site "Katowice POL"]
[Date "2022.12.16"]
[Round "12.9"]
[White "Tregubov, Pavel V."]
[Black "Oleksiyenko, Mykhaylo"]
[Result "1-0"]
[WhiteTitle "GM"]
[BlackTitle "GM"]
[WhiteElo "2553"]
[BlackElo "2594"]
[WhiteFideId "4115341"]
[BlackFideId "4152417"]
[EventDate "2022.12.16"]

1. e4 e5 2. Nf3 Nc6 3. Bb5 Nf6 4. d4 Nxd4 5. Nxd4 exd4 6. Qxd4 c6 7. Bc4 Qb6 8.
Qe5+ Be7 9. O-O Qc5 10. Qxc5 Bxc5 11. e5 Ng4 12. Bf4 f6 13. exf6 Nxf6 14. Re1+
Kf8 15. Nd2 d5 16. Bd3 Bd7 17. Nb3 Be7 18. Nd4 Kf7 19. Nf5 Bxf5 20. Bxf5 Rhe8
21. f3 Bc5+ 22. Kf1 g6 23. Bd3 Nd7 24. c3 Kf6 25. g4 g5 26. Bg3 h6 27. Bf5 Nb6
28. b3 Be3 29. Re2 Bf4 30. Rae1 Rxe2 31. Rxe2 Bxg3 32. Re6+ Kf7 33. hxg3 Rh8 34.
a4 a5 35. Kf2 Nd7 36. b4 axb4 37. cxb4 Nb6 38. a5 Nc4 39. a6 bxa6 40. Rxc6 Rb8
41. Be6+ Kg7 42. Bxd5 Ne5 43. Re6 Nd3+ 44. Ke3 Nxb4 45. Be4 a5 46. Rg6+ Kf7 47.
Rxh6 a4 48. Rh7+ Kf6 49. Ra7 Rc8 50. Rxa4 Rb8 51. f4 Rb6 52. Ra5 1-0